| 000 | 01383nam a2200397 i 4500 | ||
|---|---|---|---|
| 001 | 197456 | ||
| 003 | ES-GrU | ||
| 005 | 20250826034359.0 | ||
| 007 | ta | ||
| 008 | 910520s19900000sp dobe 000 spadd | ||
| 017 | _aTO 1864-1990 | ||
| 020 | _a8487167039 | ||
| 035 | _a(ES-GrU)b10306420-34cbua_ugr | ||
| 035 | _a(OCoLC)636302878 | ||
| 040 |
_bspa _cES-MaACL |
||
| 080 | _a272 | ||
| 100 | 0 |
_aBlázquez Miguel, Juan _929452 _eaut |
|
| 245 | 1 | 0 |
_aMadrid : judíos, herejes y brujas : _bel Tribunal de Corte (1650-1820) / _cJuan Blázquez Miguel. |
| 260 |
_aToledo : _bArcano, _c1990 |
||
| 300 |
_a218 p. : _bil. ; _c22 cm |
||
| 336 |
_2rdacontent _atexto |
||
| 337 |
_2rdamedia _asin mediación |
||
| 338 |
_2rdacarrier _avolumen |
||
| 504 | _ap. 203-215 | ||
| 561 |
_aADO/272 BLA mad : _bBiblioteca Domínguez Ortiz 2 |
||
| 610 | 2 | 7 |
_aIglesia Católica- _bCongregatio Romanae et Universalis Inquisitionis _2EMBNE _9240812 |
| 650 | 7 |
_aInquisición _2embne _913793 |
|
| 651 | 4 |
_aMadrid _98939 |
|
| 653 | 4 | _aSiglos XVII-XIX | |
| 852 |
_aES-MaACL _cDEPO1 _jA-15549 _hDonación: Fernando Codina Rodríguez _xEncuadernación cartoné _9205896 |
||
| 903 |
_aCodina Rodríguez, Fernando _ednr _9238631 |
||
| 942 |
_n0 _cMONOGRAFIA |
||
| 999 |
_c197456 _d197456 |
||